Представление документа в формате MARC21

ПолеНазваниеЗначение
  Тип записи a
  Библиографический уровень m
001 Контрольный номер RU\infra-m\znanium\bibl\2219609
005 Дата корректировки 20260429142337.2
008 Кодируемые данные 260122s2026 RU g rus u
020 Индекс ISBN __
a ISBN 978-5-16-009272-0
020 Индекс ISBN __
a ISBN 978-5-16-100638-2 (электр. издание)
040 Источник каталогиз. __
a Служба первич. каталог. Общество с ограниченной ответственностью «ЗНАНИУМ»
041 Код языка издания __
a Код языка текста rus
044 Код страны публикации __
a Код страны публикации RU
080 Индекс УДК __
a Индекс УДК 621.91.002(075.8)
084 Индекс другой классификации/Индекс ББК __
2 Источник индекса rubbk
a Индекс другой классификации/Индекс ББК 34.5я73
084 Индекс другой классификации/Индекс ББК __
2 Источник индекса okso
a Индекс другой классификации/Индекс ББК 15.03.01
084 Индекс другой классификации/Индекс ББК __
2 Источник индекса okso
a Индекс другой классификации/Индекс ББК 15.03.03
084 Индекс другой классификации/Индекс ББК __
2 Источник индекса okso
a Индекс другой классификации/Индекс ББК 15.03.05
084 Индекс другой классификации/Индекс ББК __
2 Источник индекса okso
a Индекс другой классификации/Индекс ББК 15.04.01
084 Индекс другой классификации/Индекс ББК __
2 Источник индекса okso
a Индекс другой классификации/Индекс ББК 15.04.03
084 Индекс другой классификации/Индекс ББК __
2 Источник индекса okso
a Индекс другой классификации/Индекс ББК 15.04.05
084 Индекс другой классификации/Индекс ББК __
2 Источник индекса okso
a Индекс другой классификации/Индекс ББК 15.05.01
100 Автор __
a Автор Аверченков В.И.
q Полное имя Аверченков Владимир Иванович
u Дополнение Брянский государственный технический университет
245 Заглавие __
a Заглавие Технология машиностроения. Сборник задач и упражнений
b Продолж. заглавия Учебное пособие
c Ответственность Брянский государственный технический университет
250 Сведения об издании __
g испр. и доп.
a Основные сведения об издании 3
260 Выходные данные __
a Место издания Москва
b Издательство ООО "Научно-издательский центр ИНФРА-М"
c Дата издания 2026
300 Физическое описание __
a Объем 304 с.
440 Серия __
a Серия Высшее образование: Бакалавриат
520 Аннотация __
a Аннотация Содержит все основные этапы технологического проектирования в машиностроительном производстве связанные с механической обработкой и сборкой изделий. Приведенные методические указания и примеры решения всего комплекса технологических задач позволяют использовать учебное пособие при выполнении практических работ курсовых и дипломных проектов. Предназначено для студентов обучающихся по направлениям 151900 «Конструкторско-технологическое обеспечение машиностроительных производств» (квалификация "бакалавр») и 151701 «Проектирование технологических машин и комплексов» (квалификация «специалист»).
521 Примеч. о цел. назн. __
a Примеч. о целев. назн. ВО - Бакалавриат
650 Тематические рубрики __
a Основная рубрика Промышленность. Энергетика
x Основная подрубрика Технология машиностроения
655 Указ. предметных рубрик (устаревшее) __
a Жанр/ форма (устаревшее) Учебное пособие
700 Другие авторы __
a Другие авторы Горленко О. А.
q Полное имя Горленко Олег Александрович
u Дополнение Брянский государственный технический университет
700 Другие авторы __
a Другие авторы Ильицкий В.Б.
q Полное имя Ильицкий Валерий Борисович
u Дополнение Брянский государственный технический университет
700 Другие авторы __
a Другие авторы Тотай А.В.
q Полное имя Тотай Анатолий Васильевич
u Дополнение Брянский государственный технический университет
700 Другие авторы __
a Другие авторы Чистов В.Ф.
q Полное имя Чистов Виталий Федорович
700 Другие авторы __
a Другие авторы Аверченков В.И.
q Полное имя Аверченков Владимир Иванович
u Дополнение Брянский государственный технический университет
700 Другие авторы __
a Другие авторы Польский Е.А.
q Полное имя Польский Евгений Александрович
856 Электронный адрес документа 4_
a Имя сервера/домена znanium.ru
m Помощь ebs_support@infra-m.ru
n Местонахождение сервера НИЦ ИНФРА-М
u URL https://znanium.ru/catalog/document?id=476905
856 Электронный адрес документа 48
a Имя сервера/домена znanium.ru
d Путь /cover/2219
f Электронное имя 2219609.jpg
q Тип электронного формата image/jpeg
u URL https://znanium.ru/cover/2219/2219609.jpg
911 __
u 0030=https://znanium.ru/catalog/document?id=476905